Loading...
Fine Arts - Other Fine Arts | 3 | 6 | 1 | 1 | 100 | 23 | 83.56 | 3 | 8 |
Literature - American Literature | 3 | 4 | 2 | 2 | 75 | 47 | 80.86 | 2 | 5 |
Fine Arts - Visual Fine Arts | 0 | 5 | 0 | 1 | 50 | 77 | 99.00 | 1 | 4 |
Social Science | 0 | 5 | 0 | 2 | 50 | 65 | 99.40 | 1 | 4 |
Fine Arts - Auditory Fine Arts | 2 | 2 | 0 | 0 | 50 | 45 | 73.50 | 2 | 3 |
Religion | 1 | 3 | 0 | 0 | 45 | 53 | 72.75 | 1 | 3 |
Literature - European Literature | 1 | 4 | 2 | 0 | 45 | 62 | 95.20 | 0 | 4 |
Literature - British Literature | 0 | 5 | 2 | 1 | 40 | 86 | 112.20 | 0 | 3 |
Philosophy | 0 | 5 | 2 | 1 | 40 | 64 | 94.60 | 0 | 4 |
Literature - World Literature | 1 | 1 | 1 | 0 | 20 | 81 | 94.00 | 2 | 2 |
History - Other History | 1 | 0 | 0 | 0 | 15 | 34 | 34.00 | 1 | 1 |
History - American History | 1 | 0 | 0 | 0 | 15 | 64 | 64.00 | 1 | 1 |
Current Events | 0 | 1 | 0 | 0 | 10 | 111 | 111.00 | 0 | 0 |
History - European History | 0 | 1 | 1 | 0 | 5 | 87 | 87.00 | 0 | 1 |
Science - Biology | 0 | 0 | 1 | 0 | -5 | 0.00 | 0 | 0 |